000 00445nam a22001817a 4500
003 MPLRDC
005 20220104165521.0
008 210129b ||||| |||| 00| 0 eng d
020 _a0-434-91677-3
082 _a440.91 RAM
100 _aJ.W. RAMUS
245 _aCONTRACT PRACTICE FOR QUANTITY SURVEYORS
_c
250 _a再版
260 _a
_bHEINEMANN NEWNES
_c1989
300 _b
650 _a测量方法
942 _cBK
_o440.91 RAM
999 _c57487
_d57477